Historia local: una invitación desde la didáctica para la enseñanza de una historia viva

-д хадгалсан:
Номзүйн дэлгэрэнгүй
Үндсэн зохиолч: Oliva Ureta, María Angélica (autora)
Формат: Ном
Хэл сонгох:испани
Хэвлэсэн: Santiago Programa MECE- Media 2002
Цуврал:Módulo de Ciencias Sociales
Нөхцлүүд:
Шошгууд: Шошго нэмэх
Шошго байхгүй, Энэхүү баримтыг шошголох эхний хүн болох!

MARC

LEADER 00000nam a2200000 a 4500
001 UCK7690
003 CL-VaPUC
008 051202e20020000CL |||||||||||||||||spa|d
082 0 4 |a 900.712  |b OLI  |2 21 
100 |a Oliva Ureta, María Angélica  |e autora  |9 497238 
245 1 0 |a Historia local: una invitación desde la didáctica para la enseñanza de una historia viva 
300 |a 103 p 
942 |c BK 
945 |d 20051202 00:00:00  |a jtorresc 
260 |a Santiago  |b Programa MECE- Media  |c 2002 
650 0 |a Enseñanza de la historia   |9 307330 
650 0 |a Reforma educacional   |9 256319 
650 0 |a Métodos de enseñanza  |9 270413 
583 |a last modification  |c 20051202 00:00:00  |k Rodrigo Vera 
490 0 |a Módulo de Ciencias Sociales 
999 |c 315541  |d 315539 
952 |0 0  |1 0  |4 0  |6 900_712000000000000_OLI_2002  |7 0  |8 A  |9 388885  |a BIBEDU  |b BIBEDU  |d 2019-11-22  |i 4187660  |o 900.712 OLI 2002  |p 4187660  |r 2019-11-22  |w 2019-11-22  |y BK  |k EBA 
952 |0 0  |1 0  |4 0  |6 900_712000000000000_OLI_2002  |7 0  |8 A  |9 388886  |a BIBEDU  |b BIBEDU  |d 2019-11-22  |i 4187679  |o 900.712 OLI 2002  |p 4187679  |r 2019-11-22  |w 2019-11-22  |y BK  |k EBA